Theory of Econometrics (Record no. 2566)
[ view plain ]
| 000 -LEADER | |
|---|---|
| fixed length control field | 00416nam a2200157Ia 4500 |
| 008 - FIXED-LENGTH DATA ELEMENTS--GENERAL INFORMATION | |
| fixed length control field | 230312s9999||||xx |||||||||||||| ||und|| |
| 020 ## - INTERNATIONAL STANDARD BOOK NUMBER | |
| International Standard Book Number | 0-333-77822-7 |
| 082 ## - DEWEY DECIMAL CLASSIFICATION NUMBER | |
| Classification number | 330.015 |
| Item number | KOU-T |
| 100 ## - MAIN ENTRY--PERSONAL NAME | |
| Personal name | Koutsoyiannis, A. |
| 245 #0 - TITLE STATEMENT | |
| Title | Theory of Econometrics |
| 260 ## - PUBLICATION, DISTRIBUTION, ETC. | |
| Name of publisher, distributor, etc. | Palgrave |
| Place of publication, distribution, etc. | New York |
| Date of publication, distribution, etc. | 2007 |
| 300 ## - PHYSICAL DESCRIPTION | |
| Extent | 681 |
| 546 ## - LANGUAGE NOTE | |
| Language note | Eng. |
| 650 ## - SUBJECT ADDED ENTRY--TOPICAL TERM | |
| Topical term or geographic name entry element | Economics |
| Form subdivision | Goalsof econometrics , Division of econometrics |
| 942 ## - ADDED ENTRY ELEMENTS (KOHA) | |
| Koha item type | BOOK |
No items available.
